LEADER 01552nam a2200325 i 4500 001 000000135333 003 CaOOAMICUS 005 20061004000000.0 008 061004s2004 it u000 u ita u 013 $a108665 020 $a88-16-40666-6 040 $aSeMil$bita 100 1 $aPanzeri, Antonio.$0(OLS)http://semarc/name/41906 245 13$aLe tre Europe dei diritti :$bper una corresponsabile integrazione europea /$cAntonio Panzeri ; con la collaborazione di Nicoletta Villani ; prefazione di Giorgio Napolitano. 260 $aMilano :$bJaca Book,$c2004. 300 $a148 p. :$bill. ;$c23 cm. 490 0 $aDi fronte e attraverso ;$v666 490 0 $aTerra e terra 500 $aIn calce al front. : Fondazione Alce Nero e Circolo il Grandevetro. 650 4$aEuropa - Integrazione.$0(OLS)http://semarc/subject/26643 700 1 $aVillani, Nicoletta.$0(OLS)http://semarc/name/55243 700 1 $aNapolitano, Giorgio,$c.$0(OLS)http://semarc/name/55003 830 0$aDi fronte e attraverso ;$v666.$0(OLS)http://semarc/title/6486 830 0$aTerra e terra.$0(OLS)http://semarc/title/12132 850 $aSeMil 852 $aSeMil$W1$xVenegono$y1$m3N IV 447$j89014$B89014$CSeMilBibl$Z2$F93621 $81 961 $aOmaggio: Altro 996 $6020$a88-16-40666-6$9(OLS)http://semarc/number/122680 996 $6245$aLe tre Europe dei diritti :$bper una corresponsabile integrazione europea$9(OLS)http://semarc/title/197946 996 $6260$aMilano :$bJaca Book$9(OLS)http://semarc/publisher/29781 LEADER 01196nam a2200277 4500 001 000000347085 003 CaOOAMICUS 005 20210716154353.0 008 210716s2021 it 000 u ita r 020 $a978-88-514-2401-5 040 $aSeMil$bita 100 1 $aGianola, Graziano,$c.$0(OLS)http://semarc/name/47057 245 10$aGuariti da Gesù :$blectio sul Vangelo di Marco /$cGraziano Gianola. 264 1$aMilano :$bÀncora,$c2021. 300 $a99 p. ;$c19 cm 490 1 $aFrammenti 650 4$aBibbia - NT - Marco - Meditazioni.$0(OLS)http://semarc/subject/19728 830 0$aFrammenti.$0(OLS)http://semarc/title/20733 850 $aSeMil 852 $aSeMil$W1$xVenegono$y1$m2V I 65$j264151$B238144$CSeMilBibl$Z2$F238144 $81 961 $aPerego don Stefano - Omaggio 961 $aCon dedica autografa di don Stefano Perego alla Biblioteca del Seminario di Milano (12 luglio 2021) 996 $6020$a978-88-514-2401-5$9(OLS)http://semarc/number/293693 996 $6245$aGuariti da Gesù :$blectio sul Vangelo di Marco$9(OLS)http://semarc/title/436328 996 $6264$aMilano :$bÀncora$9(OLS)http://semarc/publisher/29763